000
00294nam a2200133Ia 4500
100
_a
Kernighan/B.W/ Ritchie/D.M
942
_c
BK
654
_a
C
245
_a
C programming language
260
_b
prentice hall
_a
New Delhi
_c
1986
082
_a
1.6424
_b
KER
300
_a
228
546
_a
ENGLISH
999
_c
27124
_d
27124